000
00318nam a2200133Ia 4500
008
240624s9999 xx 000 0 und d
041
_a
eng
082
_a
658.4012 SIN
100
_a
SINGH S P
245
_a
CORPORATE STRATEGY
260
_c
2004
_a
Delhi
_b
A.I.T.B.S.
300
_a
xiv, : 280 : p. : cm. ; 24
365
_c
RS
999
_c
1487
_d
1487